| 000 | 00714nac a22001931u 4500 | ||
|---|---|---|---|
| 020 | _a0321189566 (pbk.) | ||
| 082 |
_a005.74 _bD2329 |
||
| 090 |
_c583 _d583 |
||
| 100 | _aDate, C. J. | ||
| 245 |
_aAn introduction to database systems / _cC.J. Date. |
||
| 250 | _a8th ed. | ||
| 260 |
_aLondon : _bPearson/Addison-Wesley, _cc2004. |
||
| 300 |
_axxvii, 983, 22 p. : _bill., port. ; _c24 cm. |
||
| 500 | _aPrevious ed.: 2000. | ||
| 500 | _aIncludes bibliographical references and index. | ||
| 650 | _aDatabase management. | ||
| 942 |
_cBB _k005.74D2329 |
||
| 999 |
_c583 _d583 |
||